Số liệu thống kê Việt Nam = Vietnam statiscal data in the 20th century

Zapisane w:
Opis bibliograficzny
1. autor: Tổng cục thống kê
Format: Książka
Język:Undetermined
Wydane: Hà Nội Thống kê 2004
Hasła przedmiotowe:
Etykiety: Dodaj etykietę
Nie ma etykietki, Dołącz pierwszą etykiete!
Thư viện lưu trữ: Trung tâm Học liệu Trường Đại học Cần Thơ
LEADER 00621nam a2200217Ia 4500
001 CTU_73707
008 210402s9999 xx 000 0 und d
020 |b 400000 
082 |a 315.97 
082 |b T455/T.3 
100 |a Tổng cục thống kê 
245 0 |a Số liệu thống kê Việt Nam = 
245 0 |b Vietnam statiscal data in the 20th century 
245 0 |c Tổng cục thống kê 
260 |a Hà Nội 
260 |b Thống kê 
260 |c 2004 
650 |a statistics 
650 |z vietnam 
904 |i Minh 
980 |a Trung tâm Học liệu Trường Đại học Cần Thơ